| 000 | 00000nam 2200000za 4500 |
| 001 | 9.858157 |
| 003 | CaOODSP |
| 005 | 20240501145153 |
| 007 | cr ||||||||||| |
| 008 | 180626s2018 onc o f000 0 fre d |
| 020 | |a978-0-660-27021-0 |
| 040 | |aCaOODSP|bfre |
| 043 | |an-cn--- |
| 086 | 1 |aBT22-212/2018F-PDF |
| 245 | 00|aDirective du Cabinet sur la réglementation |h[ressource électronique]. |
| 260 | |aOttawa : |bSecrétariat du Conseil du Trésor du Canada, |c2018. |
| 300 | |a23 p. |
| 500 | |a« Publié : le 2018-07-13. » |
| 500 | |aTitre pris sur la couv. |
| 500 | |aPubl. aussi en format HTML. |
| 500 | |aPubl. aussi en anglais sous le titre : Cabinet directive on regulation. |
| 520 | |a« La Directive du Cabinet sur la réglementation (la directive) définit les attentes et les exigences du gouvernement du Canada en ce qui concerne l’élaboration, la gestion et l’examen des règlements fédéraux » -- Objet, p. 1. |
| 692 | 07|2gccst|aRèglements |
| 692 | 07|2gccst|aGouvernement fédéral |
| 692 | 07|2gccst|aPolitique gouvernementale |
| 710 | 1 |aCanada. |bConseil du trésor. |
| 775 | 08|tCabinet directive on regulation |w(CaOODSP)9.858156 |
| 794 | |tDirective du Cabinet sur la réglementation.|b(2024-04-01)|w(CaOODSP)9.936830 |
| 856 | 40|qPDF|s209 Ko|uhttps://publications.gc.ca/collections/collection_2018/sct-tbs/BT22-212-2018-fra.pdf |
| 856 | 4 |qHTML|sS.O.|uhttps://www.canada.ca/fr/gouvernement/systeme/lois/developpement-amelioration-reglementation-federale/exigences-matiere-elaboration-gestion-examen-reglements/lignes-directrices-outils/directive-cabinet-reglementation.html |